000 00659nam a22002172 4500
001 0000009284
005 20151217145849.0
008 080921s xx 000 0 eng d
020 _a1405118989 :
_cBSP 36.99
040 _aKABU
_cKABU
100 1 _aCox, C. Barry.
_@0000160471
245 1 0 _aBiogeography :
_ban ecological and evolutionary approach /
_cC. Barry Cox and Peter D. Moore.
250 _a7th ed.
260 _aOxford :
_bBlackwell,
_c2005.
300 _axi, 428 p.
650 0 _aBiogeography.
_@0000160472
700 1 _aMoore, Peter D.
_@0000111342
908 _a080921
950 _@1
999 _c3425
_d3425